| 000 | 00368nam a2200145Ia 4500 | ||
|---|---|---|---|
| 008 | 150201s1998 xx 000 0 und d | ||
| 082 |
_a617.6 _bC1998I |
||
| 100 | _aLANGLASIS | ||
| 245 | _aCOLOR ATLAS OF COMMON ORAL DISEASE | ||
| 250 | _a2ND | ||
| 260 |
_bLIPPINCOTT PUBLICATION _aPHILADELPHIA _c1998 |
||
| 300 | _a1-204 | ||
| 650 | _aORAL MEDICINE | ||
| 942 |
_2ddc _cBK |
||
| 999 |
_c3801 _d3801 |
||